THE METHUEN DRAMA ANTHOLOGY OF TESTIMONIAL PLAYS (Record no. 12208)

MARC details
000 -LEADER
fixed length control field 00439nam a22001577a 4500
003 - CONTROL NUMBER IDENTIFIER
control field URS
005 - DATE AND TIME OF LATEST TRANSACTION
control field 20220114162349.0
008 - FIXED-LENGTH DATA ELEMENTS--GENERAL INFORMATION
fixed length control field 191119b ||||| |||| 00| 0 eng d
020 ## - INTERNATIONAL STANDARD BOOK NUMBER
International Standard Book Number 9781408176528
040 ## - CATALOGING SOURCE
Original cataloging agency DLC
Language of cataloging ENGLISH
Transcribing agency DMLUC
Modifying agency URS
100 ## - MAIN ENTRY--PERSONAL NAME
Personal name ALISON FORSYTH
245 ## - TITLE STATEMENT
Title THE METHUEN DRAMA ANTHOLOGY OF TESTIMONIAL PLAYS
Statement of responsibility, etc. ALISON FORSYTH
260 ## - PUBLICATION, DISTRIBUTION, ETC.
Place of publication, distribution, etc. GREAT BRITAIN
Name of publisher, distributor, etc. BLOOMSBURY
Date of publication, distribution, etc. 2014
300 ## - PHYSICAL DESCRIPTION
Extent 330 p
Other physical details COLORED
942 ## - ADDED ENTRY ELEMENTS (KOHA)
Source of classification or shelving scheme Library of Congress Classification
Koha item type Books
Holdings
Withdrawn status Source of classification or shelving scheme Damaged status Not for loan Home library Current library Shelving location Date acquired Source of acquisition Total Checkouts Barcode Date last seen Price effective from Koha item type
  Library of Congress Classification     Angono College Library Angono College Library On Display 11/19/2019 Purchased   URSANG-5628 11/19/2019 11/19/2019 Books

University of Rizal System
Email us at univlibservices@urs.edu.ph

Visit our Website www.urs.edu.ph/library